Imiona nadane dziewczynkom w 2023 - top 200 - Statystyki

Ogólne statystyki
  • Ten quiz został rozwiązany 178 razy
  • Średni wynik to 111 z 200
Statystyki odpowiedzi
Odpowiedź % Poprawnych
2 Z Zuzanna
99%
1 Z Zofia
98%
4 H Hanna
95%
28 A Anna
92%
6 J Julia
92%
10 M Maria
92%
136 M Mariia
92%
132 L Livia
90%
23 A Aleksandra
89%
30 N Natalia
89%
165 O Oleksandra
89%
83 O Olivia
89%
176 O Oliviia
89%
129 V Veronika
89%
41 W Weronika
89%
7 O Oliwia
88%
63 J Joanna
86%
11 L Lena
86%
114 V Victoria
86%
9 A Alicja
85%
78 P Paulina
85%
153 V Viktoria
85%
137 V Viktoriia
85%
19 W Wiktoria
85%
71 D Dominika
84%
65 M Małgorzata
84%
108 E Eva
83%
48 K Karolina
83%
120 M Monika
83%
8 P Pola
83%
123 Y Yeva
83%
44 B Barbara
82%
13 E Emilia
82%
119 E Emiliia
82%
3 L Laura
82%
5 M Maja
82%
134 M Maya
82%
95 P Patrycja
82%
196 V Varvara
82%
70 E Ewa
81%
79 K Katarzyna
81%
160 I Izabella
80%
81 D Daria
79%
126 A Agnieszka
78%
20 H Helena
77%
17 I Iga
77%
61 I Izabela
77%
57 M Magdalena
77%
50 A Agata
75%
14 A Amelia
75%
150 E Evelina
75%
125 E Ewelina
75%
59 K Kinga
75%
167 L Lili
75%
183 L Lilly
75%
163 L Lily
75%
26 Ł Łucja
75%
72 M Marta
75%
49 M Martyna
75%
34 M Milena
74%
128 J Justyna
73%
174 N Nicole
73%
135 N Nikol
73%
73 U Urszula
73%
35 R Róża
72%
25 K Kornelia
71%
22 G Gabriela
69%
90 K Kamila
69%
193 A Anastasia
68%
177 A Anastasiia
68%
38 A Anastazja
68%
32 J Jagoda
68%
86 K Klaudia
68%
68 L Lidia
68%
82 L Lilia
68%
21 M Marcelina
68%
56 M Marianna
68%
16 M Michalina
68%
102 O Olga
68%
115 E Elżbieta
67%
29 N Nadia
66%
51 E Eliza
65%
99 J Jadwiga
65%
31 L Lilianna
65%
191 N Nicola
64%
12 A Antonina
63%
101 D Dorota
63%
98 C Celina
62%
105 A Alina
61%
40 A Aniela
61%
36 K Kaja
61%
43 N Nikola
61%
39 N Nina
61%
113 S Sandra
61%
52 A Adrianna
60%
185 D Danuta
60%
42 S Sara
60%
117 F Franciszka
59%
156 I Irena
58%
18 L Liliana
58%
37 R Rozalia
58%
46 M Matylda
57%
151 R Roksana
57%
27 B Blanka
56%
198 S Sylwia
56%
168 A Anita
55%
93 F Felicja
55%
104 J Janina
55%
15 K Klara
55%
133 K Krystyna
55%
74 N Nel
55%
197 C Cecylia
54%
47 L Liwia
54%
33 M Mia
54%
55 W Wanda
54%
96 A Ada
53%
175 P Paula
53%
45 A Aurelia
52%
80 I Ida
52%
147 K Karina
52%
155 L Lucyna
52%
75 M Malwina
52%
184 M Miia
52%
60 B Bianka
51%
130 M Marlena
51%
172 S Sabina
51%
139 T Teresa
50%
24 N Nela
49%
140 D Dagmara
48%
138 I Inga
48%
154 J Julita
48%
109 A Adela
46%
54 G Gaja
46%
62 K Kalina
46%
87 L Luiza
46%
58 M Melania
46%
145 V Vanessa
46%
66 Z Zoja
46%
189 A Amanda
45%
84 E Emma
45%
157 F Faustyna
45%
67 A Apolonia
44%
64 D Diana
42%
161 J Jowita
42%
146 J Julianna
42%
97 L Lila
40%
178 M Malina
40%
77 S Stefania
40%
171 I Ines
39%
164 I Inez
39%
53 J Jaśmina
39%
158 J Judyta
39%
162 O Otylia
39%
142 S Sonia
39%
89 J Jagna
38%
116 M Marika
38%
88 R Rita
38%
195 S Sophie
35%
91 L Lara
34%
94 E Elena
32%
92 L Lea
32%
112 M Mila
32%
69 S Sofia
32%
85 S Sofiia
32%
110 N Noemi
29%
192 M Myroslava
28%
190 O Oktawia
28%
124 T Tola
25%
143 F Florentyna
24%
122 E Estera
23%
149 K Konstancja
22%
76 M Milana
21%
159 M Mira
21%
194 N Naomi
21%
179 S Stella
21%
131 G Gloria
20%
169 J Józefina
20%
186 K Klementyna
20%
100 A Adelina
18%
187 A Angelina
18%
170 A Ariana
18%
121 A Aurora
17%
144 L Luna
16%
166 D Dalia
15%
200 N Nelia
15%
182 Z Zoe
15%
148 M Melisa
14%
173 I Inka
12%
152 C Carmen
11%
181 E Emily
11%
141 A Arina
10%
118 P Polina
10%
180 L Letycja
8%
199 S Solomia
6%
127 S Solomiia
6%
107 K Kira
5%
106 A Alisa
4%
188 A Amina
4%
103 Z Zlata
4%
201 D Daryna
0%
Nie znaleziono quizów pasujących do podanych kryteriów
Rozkład punktacji
Procent ludzi z każdym wynikiem
Percentyl według liczby udzielonych odpowiedzi
Twoja historia wyników
Nie rozwiązałeś tego quizu